| 000 | 00957nam a2200193 a 4500 | ||
|---|---|---|---|
| 008 | 110331s2009 ||||||||||||||||| || u | ||
| 020 | _a9788993841039 | ||
| 050 | _aG 2330 Nat | ||
| 110 | _aNational Geographic Information Institute, Ministry of Land, Transport and Maritime affairs | ||
| 245 | 1 | 4 |
_aThe national atlas of Korea _cNational Geographic Information Institute, Ministry of Land, Transport and Maritime affairs |
| 260 |
_aGyeonggi-Do, The Republic of Korea _bNational Geographic Information Institute (NGII) _c2009 |
||
| 300 | _a[vi], 192p.: ill. | ||
| 350 | _a0.00 | ||
| 650 | _aATLASES, KOREAN | ||
| 650 | _aKOREA--MPS | ||
| 650 | _aATLASES | ||
| 995 |
_aREFERENCE BOOKS _D0.00 _e742531 _FCBU-MAIN LIBRARY (Kitwe) _H1 _I0.00 _jG 2330 NAT _M1 _UREFERENCE _WJul 12, 2011 _y742531 _ZReference Collection |
||
| 995 |
_aREFERENCE BOOKS _D0.00 _e742532 _FCBU-MAIN LIBRARY (Kitwe) _H1 _I0.00 _jG 2330 NAT _M2 _UREFERENCE _WJul 12, 2011 _y742532 _ZReference Collection |
||
| 999 |
_c78703 _d78703 |
||